Statistiques concernant Equipage de Barbe Blanche ( One piece )

Cliquez ici pour prendre le quiz!

Statistiques générales

  • Ce quiz a été pris 40 fois
  • Le résultat moyen est 11 sur 28

Statistiques - réponses

Réponse% Correct
Ace
100%
Newgate
100%
Teach
97%
Marco
92%
Oden
92%
Vista
68%
Nekomamushi
62%
Inuarashi
57%
Izo
51%
Toki
46%
Blamenco
32%
Jozu
32%
Namur
30%
Satch
27%
Haruta
24%
Whitey
24%
Atmos
22%
Curiel
22%
Epoida
19%
Fossa
16%
Andre
14%
Blenheim
14%
Speed
14%
Islewan
11%
Rakuyo
11%
Teto
5%
Dew
3%
Kinga
0%

Distribution des résultats

Percentile par nombre de réponses

% des personnes avec chaque résultat

Votre développement - résultats

Vous n’avez pas pris ce quiz